00900nam a2200241 a 450000100100000000500170001000800410002702000150006804000250008308200180010810000330012624000580015924501770021726000380039430000210043249000200045353400660047365000240053970000420056383000270060504900090063299900170064100002345220200930022229.0101208s1976 sp r 000 0 spa d a842520612X aDO-SdBNPbspacBNPHU a384.55bC718t1 aColombo, Furiod1931-94832310aTelevisione: la realtà come spettacolo.lEspañol.10aTelevisión :bla realidad como espectáculo /cFurio Colombo ; versión del italiano de Esteve Riambau i Saurí ; revisión técnica por Joaquim Romaguera i Ramió. aBarcelona :bGustavo Gili,c1976. a107 p. ;c21 cm.1 aPunto y línea aTítulo original:tTelevisione: la realtà come spettacolo. 4aTelevisión9483241 aRomaguera i Ramió, Joaquím948325 0aPunto y línea948287 aBNGR c22948d22948